000 00644nam a2200145Ia 4500
008 220216s9999 xx 000 0 und d
100 _aThomas J
245 0 _aExtension strategies for combating diseases and pests of natural rubber in India
260 _bHealthcare in Plantation Crops: International Workshop,Seminar and Exhibition on Phytophthora Diseases of Plantation Crops and their Management: Phytophthora 2011, 12-17 September 2011, Rubber Research Institute of India, Kottayam, India. Souvenir. pp.24-30.
650 _aDisease management
650 _aRubber diseases
700 _aJose K C
700 _aUsha Rani N
942 _cJS
999 _c59188
_d59188